<?xml version="1.0" encoding="UTF-8"?><?xml-stylesheet type="text/xsl" href="static/style.xsl"?><OAI-PMH xmlns="http://www.openarchives.org/OAI/2.0/" xmlns:xsi="http://www.w3.org/2001/XMLSchema-instance" xsi:schemaLocation="http://www.openarchives.org/OAI/2.0/ http://www.openarchives.org/OAI/2.0/OAI-PMH.xsd"><responseDate>2026-04-14T02:56:55Z</responseDate><request verb="GetRecord" identifier="oai:www.recercat.cat:2072/457839" metadataPrefix="marc">https://recercat.cat/oai/request</request><GetRecord><record><header><identifier>oai:recercat.cat:2072/457839</identifier><datestamp>2026-03-13T07:50:11Z</datestamp><setSpec>com_2072_98</setSpec><setSpec>col_2072_378192</setSpec></header><metadata><record xmlns="http://www.loc.gov/MARC21/slim" xmlns:dcterms="http://purl.org/dc/terms/" xmlns:xsi="http://www.w3.org/2001/XMLSchema-instance" xmlns:doc="http://www.lyncode.com/xoai" xsi:schemaLocation="http://www.loc.gov/MARC21/slim http://www.loc.gov/standards/marcxml/schema/MARC21slim.xsd">
   <leader>00925njm 22002777a 4500</leader>
   <datafield ind2=" " ind1=" " tag="042">
      <subfield code="a">dc</subfield>
   </datafield>
   <datafield ind2=" " ind1=" " tag="720">
      <subfield code="a">Matamales Andreu, Rafel</subfield>
      <subfield code="e">author</subfield>
   </datafield>
   <datafield ind2=" " ind1=" " tag="720">
      <subfield code="a">Roig Munar, Francesc X.</subfield>
      <subfield code="e">author</subfield>
   </datafield>
   <datafield ind2=" " ind1=" " tag="720">
      <subfield code="a">Oms, Oriol</subfield>
      <subfield code="e">author</subfield>
   </datafield>
   <datafield ind2=" " ind1=" " tag="720">
      <subfield code="a">Galobart, Àngel</subfield>
      <subfield code="e">author</subfield>
   </datafield>
   <datafield ind2=" " ind1=" " tag="720">
      <subfield code="a">Fortuny, Josep</subfield>
      <subfield code="e">author</subfield>
   </datafield>
   <datafield ind2=" " ind1=" " tag="260">
      <subfield code="c">2021</subfield>
   </datafield>
   <datafield ind2=" " ind1=" " tag="520">
      <subfield code="a">Altres ajuts: CERCA Programme/Generalitat de Catalunya</subfield>
   </datafield>
   <datafield ind2=" " ind1=" " tag="520">
      <subfield code="a">Moradisaurine captorhinid eureptiles were a successful group of high-fibre herbivores that lived in the arid low latitudes of Pangaea during the Permian. Here we describe a palaeoassemblage from the Permian of Menorca (Balearic Islands, western Mediterranean), consisting of ichnites of small captorhinomorph eureptiles, probably moradisaurines (Hyloidichnus), and parareptiles (cf. Erpetopus), and bones of two different taxa of moradisaurines. The smallest of the two is not diagnostic beyond Moradisaurinae incertae sedis. The largest one, on the other hand, shows characters that are not present in any other known species of moradisaurine (densely ornamented maxillar teeth), and it is therefore described as Balearosaurus bombardensis gen. et sp. nov. Other remains found in the same outcrop are identified as cf. Balearosaurus bombardensis gen. et sp. nov., as they could also belong to the newly described taxon. This species is sister to the moradisaurine from the lower Permian of the neighbouring island of Mallorca, and is also closely related to the North American genus Rothianiscus. This makes it possible to suggest the hypothesis that the Variscan mountains, which separated North America from southern Europe during the Permian, were not a very important palaeobiogeographical barrier to the dispersion of moradisaurines. In fact, mapping all moradisaurine occurrences known so far, it is shown that their distribution area encompassed both sides of the Variscan mountains, essentially being restricted to the arid belt of palaeoequatorial Pangaea, where they probably outcompeted other herbivorous clades until they died out in the late Permian.</subfield>
   </datafield>
   <datafield tag="653" ind2=" " ind1=" ">
      <subfield code="a">Captorhinidae</subfield>
   </datafield>
   <datafield tag="653" ind2=" " ind1=" ">
      <subfield code="a">Central Pangaea</subfield>
   </datafield>
   <datafield tag="653" ind2=" " ind1=" ">
      <subfield code="a">Hyloidichnus</subfield>
   </datafield>
   <datafield tag="653" ind2=" " ind1=" ">
      <subfield code="a">Moradisaurinae</subfield>
   </datafield>
   <datafield tag="653" ind2=" " ind1=" ">
      <subfield code="a">Palaeobiogeography</subfield>
   </datafield>
   <datafield ind2="0" ind1="0" tag="245">
      <subfield code="a">A captorhinid-dominated assemblage from the palaeoequatorial Permian of Menorca (Balearic Islands, western Mediterranean)</subfield>
   </datafield>
</record></metadata></record></GetRecord></OAI-PMH>